Las nuevas oportunidades para América Latina y el Caribe /
محفوظ في:
| المؤلف الرئيسي: | |
|---|---|
| التنسيق: | نص |
| الوسوم: |
إضافة وسم
لا توجد وسوم, كن أول من يضع وسما على هذه التسجيلة!
|
MARC
| LEADER | 00000 a a2200000 04500 | ||
|---|---|---|---|
| 001 | 10293 | ||
| 003 | |||
| 040 | |||
| 100 | |a Machinea, José Luis | ||
| 245 | |a Las nuevas oportunidades para América Latina y el Caribe / |c José Luis Machinea | ||
| 773 | |g número 58; páginas 2 | ||
| 999 | |c 19705 |d 19705 | ||
